000 00409nab a22001457 4500
003 ES-SlBCS
005 20210327224246.0
008 191118s2019 sp ||||| |||| 00| 0 spa d
040 _aES-SlBCS
_bspa
041 _aspa
100 1 _aAvendaño, Lukas
_9116806
245 1 0 _aCarta de un indio remiso
_cLukas Avendaño
773 0 _gNúm. 383, 2019, págs. 45-50
_tConcilium
_wRev134
_x0210-1041
942 _2lcc
_cAR
999 _c482306
_d482306